| 000 | nam a22 7a 4500 | ||
|---|---|---|---|
| 999 |
_c173169 _d173169 |
||
| 003 | Nust | ||
| 005 | 20170119142812.0 | ||
| 008 | 170119b xxu||||| |||| 00| 0 eng d | ||
| 020 | _a9788184112825 | ||
| 040 | _c0 | ||
| 082 | _a813.54 | ||
| 100 | _4Shekhar Verma | ||
| 245 |
_aBreaking news _cShekhar Verma |
||
| 260 |
_aNew Delhi _bSonali publications _c2011 |
||
| 300 | _a295p | ||
| 942 |
_2ddc _cBK |
||